000 00299nam a2200121Ia 4500
008 220204s9999 xx 000 0 und d
082 _a658.3
_bDUB
100 _aDubin, Robert
245 0 _aHuman relations in administration
250 _a3
260 _aNew Delhi
_bPrentice Hall
_c1970
942 _cBK
999 _c22687
_d22687